Vidas paralelas
Guardat en:
| Autor principal: | |
|---|---|
| Format: | Llibre |
| Idioma: | espanyol |
| Publicat: |
Buenos Aires
Losada
1943
|
| Col·lecció: | Las Cien Obras Maestras de la Literatura y del Pensamiento Universal, 17-19-22-23-24-25-26
|
| Matèries: | |
| Etiquetes: |
Afegir etiqueta
Sense etiquetes, Sigues el primer a etiquetar aquest registre!
|
MARC
| LEADER | 00000nam a2200000 a 4500 | ||
|---|---|---|---|
| 001 | UCX1662 | ||
| 003 | CL-VaPUC | ||
| 008 | 901011e19430000AG |||||||||||||||||spa|d | ||
| 082 | 0 | 4 | |a 920.02 |b PLU |2 21 |
| 100 | 0 | |a Plutarco |e author |9 317239 | |
| 245 | 1 | 0 | |a Vidas paralelas |
| 300 | |a 7 v | ||
| 942 | |c BK | ||
| 945 | |d 19901011 00:00:00 |a oaravena | ||
| 260 | |a Buenos Aires |b Losada |c 1943 | ||
| 500 | |a v.1: Teseo, Rómulo, Numa, Solón, Licurgo, Publicola, Temístocles, Camilo | ||
| 500 | |a v.2: Pericles, Fabio Máximo, Alcibíades, Coriolano, Timoleón, Paulo Emilio, Pelopidas, Marcelo | ||
| 500 | |a v.3: Arístides, Marco Catón, Filopemen, Tito Quincio Flaminino, Pirro, Gayo Mario, Lisandro, Sila | ||
| 500 | |a v.4: Cimón, Luculo, Nicias, Marco Craso, Sertorio, Eumenes | ||
| 500 | |a v.5: Agesilao, Pompeyo, Alejandro, Gayo Julio César | ||
| 500 | |a v.6: Foción, Catón el menor, Agis y Cleómenes, Tiber oy Gayo Graco, Demóstenes y Cicerón | ||
| 500 | |a v.7: Demetrio, Antonio, Dión, Bruto, Artojerjes, Arato, Galva, Otón | ||
| 650 | 0 | |a Biografías clásicas |9 265901 | |
| 583 | |a last modification |c 19901011 00:00:00 |k Rodrigo Vera | ||
| 490 | 0 | |a Las Cien Obras Maestras de la Literatura y del Pensamiento Universal, 17-19-22-23-24-25-26 | |
| 999 | |c 222844 |d 222842 | ||
| 952 | |0 0 |1 0 |4 0 |6 920_020000000000000_PLU_1943 |7 0 |8 A |9 218094 |a BIBHIS |b BIBHIS |d 2019-11-15 |h v.1 |i 2869470 |o 920.02 PLU 1943 |p 2869470 |r 2023-01-25 |w 2019-11-15 |y BK |k HIS | ||
| 952 | |0 0 |1 0 |4 0 |6 920_020000000000000_PLU_1943 |7 0 |8 A |9 218095 |a BIBHIS |b BIBHIS |d 2019-11-15 |h v.4 |i 2869500 |o 920.02 PLU 1943 |p 2869500 |r 2023-01-25 |w 2019-11-15 |y BK |k HIS | ||
| 952 | |0 0 |1 0 |4 0 |6 920_020000000000000_PLU_1943 |7 0 |8 A |9 218096 |a BIBHIS |b BIBHIS |d 2019-11-15 |h v.5 |i 2869519 |o 920.02 PLU 1943 |p 2869519 |r 2023-01-25 |w 2019-11-15 |y BK |k HIS | ||
| 952 | |0 0 |1 0 |4 0 |6 920_020000000000000_PLU_1943 |7 0 |8 A |9 218097 |a BIBHIS |b BIBHIS |d 2019-11-15 |h v.6 |i 2869527 |o 920.02 PLU 1943 |p 2869527 |r 2023-01-25 |w 2019-11-15 |y BK |k HIS | ||
| 952 | |0 0 |1 0 |4 0 |6 920_020000000000000_PLU_1943 |7 0 |8 A |9 218098 |a BIBHIS |b BIBHIS |d 2019-11-15 |h v.7 |i 2869535 |o 920.02 PLU 1943 |p 2869535 |r 2023-01-25 |w 2019-11-15 |y BK |k HIS | ||
| 952 | |0 0 |1 0 |4 0 |6 920_020000000000000_PLU_1943 |7 0 |8 A |9 218099 |a BIBEDU |b BIBEDU |d 2019-11-15 |h v.1 |i 3023478 |o 920.02 PLU 1943 |p 3023478 |r 2019-11-15 |w 2019-11-15 |y BK |k LIT | ||
| 952 | |0 0 |1 0 |4 0 |6 920_020000000000000_PLU_1943 |7 0 |8 A |9 218100 |a BIBEDU |b BIBEDU |d 2019-11-15 |h v.2 |i 3023451 |o 920.02 PLU 1943 |p 3023451 |r 2019-11-15 |w 2019-11-15 |y BK |k LIT | ||
| 952 | |0 0 |1 0 |4 0 |6 920_020000000000000_PLU_1943 |7 0 |8 A |9 218101 |a BIBEDU |b BIBEDU |d 2019-11-15 |h v.5 |i 3023354 |o 920.02 PLU 1943 |p 3023354 |r 2019-11-15 |w 2019-11-15 |y BK |k LIT | ||
| 952 | |0 0 |1 0 |4 0 |6 920_020000000000000_PLU_1943 |7 0 |8 A |9 218102 |a BIBEDU |b BIBEDU |d 2019-11-15 |h v.6 |i 3023346 |o 920.02 PLU 1943 |p 3023346 |r 2019-11-15 |w 2019-11-15 |y BK |k LIT | ||
| 952 | |0 0 |1 0 |4 0 |6 920_020000000000000_PLU_1943 |7 0 |8 A |9 218103 |a BIBEDU |b BIBEDU |d 2019-11-15 |h v.7 |i 3023117 |o 920.02 PLU 1943 |p 3023117 |r 2019-11-15 |w 2019-11-15 |y BK |k LIT | ||